000 00757cam a22002533a 4500
001 1898
003 PGUSA
005 20140828083007.0
008 040601s2004||||xxu|||||s|||||000 1 eng d
040 _aPGUSA
_beng
042 _adc
050 4 _aPQ
100 1 _aBalzac, Honoré de,
_d1799-1850
245 1 0 _aAlbert Savarus
_h[electronic resource] /
_cHonoré de Balzac
260 _bProject Gutenberg,
_c2004
506 _aPublic domain in the USA.
516 _aElectronic text
653 _aFrench fiction -- Translations into English
653 _aFrance -- Social life and customs -- 19th century -- Fiction
700 1 _aMarriage, Ellen
830 0 _aProject Gutenberg
_v1898
856 4 0 _uhttp://www.gutenberg.org/ebooks/1898
942 _cEB
999 _c231241
_d231241